000 00296nam a2200121Ia 4500
100 _aModani/S/G/ Barapte/R.A
942 _cBK
654 _amicrowave
245 _aMicrowave and optical commuication
260 _bTechnova Publications
_aPune
_c2001
082 _a621.3813
_bMOD
546 _aENGLISH
999 _c17984
_d17984